[Event "Andalucia-ch-A/U18"]
[Site "Linares"]
[Date "2025.05.25"]
[Round "7"]
[White "Gaitan Galstyan, Narek"]
[Black "Riera Brito, Raul"]
[Result "0-1"]
[WhiteElo "1961"]
[BlackElo "2108"]
[PlyCount "78"]
[EventDate "2025.05.22"]
[EventType "swiss"]
[EventRounds "7"]
[EventCountry "ESP"]
[SourceTitle "CB22_2025"]
[SourceDate "2025.05.28"]
[SourceVersion "1"]
[SourceVersionDate "2025.05.28"]
[SourceQuality "1"]

1. e4 c5 2. Nc3 Nc6 3. Bb5 Nd4 4. Nf3 Nxb5 5. Nxb5 d5 6. exd5 a6 7. Nc3 Nf6 8. d4 Nxd5 9. dxc5 Nxc3 10. Qxd8+ Kxd8 11. bxc3 f6 12. Be3 e5 13. 0-0-0+ Kc7 14. Nd2 Be6 15. Kb2 a5 16. Ne4 Kc6 17. f3 f5 18. Ng5 Bc4 19. f4 e4 20. g4 h6 21. Rd4 Bg8 22. Rhd1 hxg5 23. Rd8 Rxd8 24. Rxd8 gxf4 25. Bxf4 Bxc5 26. Be5 e3 27. Bxg7 e2 28. Re8 Rxh2 29. gxf5 Kd7 30. Re4 Bd5 31. Re5 Bd6 32. Re3 Bg3 33. Be5 Bxe5 34. Rxe5 Kd6 35. Re3 Bc4 36. f6 Rf2 37. f7 Rxf7 38. Kc1 Rf1+ 39. Kd2 Rd1# 0-1